Представление документа в формате RUSMARC

ПолеНазваниеЗначение
  Тип записи c
  Библиографический уровень m
001 Контрольный номер UONB/NOTY/3897db2cbe7b43b08c4801da5c6f3391
005 Дата корректировки 20240130235159.0
010 Индекс ISBN __
a ISBN 5-222-00462-7
9 Тираж 5000 экз.
013 Номер (ISMN) __
d Цена 19 р.
100 Данные общей обработки __
a Данные общей обработки 20220616g1999 u##y0rusy0189####ca
101 Язык документа 0_
a Язык текста rus
f Язык титульного листа rus
102 Страна публикации __
a Страна публикации ru
125 Кодированные данные звукозаписи и нотных изданий __
a Форма изложения нотного текста с
128 Кодированные данные (звукозаписи-физические характеристики) __
a Кодированные данные: Музыкальная форма и тональность или лад li
c Инструменты или голоса, рекомендуемые для солистов (устаревшее) ka
200 Заглавие и сведения об ответственности 1_
a Заглавие Вып. 1
b Общее обозначение материала Ноты
210 Выходные данные 1_
a Место издания Ростов-на-Дону
c Издательство Феникс
d Дата издания 1999
215 Физическое описание __
a Объем 80 с.
327 Примечание о содержании 11
a Примечание о содержании Содерж. : Глинка М. Ах ты, душечка, красна девица... / сл. нар. ; Скажи, зачем... / сл. С. Голицына ; Сомнение / сл. Н. Кукольника ; Я помню чудное мгновенье... / сл. А. Пушкина. - Кюи Ц. Осень / стихи А. Фета. - Чайковский П. Я ли в поле да не травушка была : отрывок / сл. И. Сурикова ; Средь шумного бала / сл. А. Толстого. - Рубинштейн А. Горные вершины / стихи М. Лермонтова. - Римский-Корсаков Н. Пленившись розой, соловей... / сл. А. Кольцова. - Гречанинов А. Подснежник / сл. Allegro. - Шереметьев Б. Я вас любил... / сл. А. Пушкина. - Титов Н. Нет, не тебя так пылко я люблю / сл. М. Лермонтова. - Варламов А. Напоминание / сл. неизвест. авт. ; На заре ты ее не буди / сл. А. Фета. - Булахов П. Колокольчики мои, цветики степные / сл. А. Толстого ; И нет в мире очей... / сл. неизвест. авт. ; Нет, не люблю я вас / сл. Зименко. - Борисов В. Звезды на небе / сл. Е. Дитерихс. - Кос-Анатольский А. Соловьиный романс. - Майборода Б. Тополиная баркарола. - Музыка неизвестного автора. Я встретил вас / сл. Ф. Тютчева.
461 Уровень набора _0
1 2001
a Популярные романсы
b Ноты
e в перелож. для фп. [с надпис. текстом]
v Вып. 1
1 2101
a Ростов-на-Дону
c Феникс
d 1999 -
1 001UONB/NOTY/5ec5485198b4491bbabd5f876096651b
1 215
d 29 см
1 2252
a Музыкальная мозаика
464 Аналитический уровень _0
1 700 1
a Глинка
b М.
1 702 1
a Слова народные
4 520
1 2001
a Ах ты, душечка, красна девица...
1 036
t Ах ты, душечка, красна девица...
464 Аналитический уровень _0
1 700 1
a Глинка
b М.
1 702 1
a Голицын
b С.
4 520
1 2001
a Скажи, зачем...
1 036
t Скажи, зачем явилась ты очам моим...
464 Аналитический уровень _0
1 700 1
a Глинка
b М.
1 702 1
a Кукольник
b Н.
4 520
1 2001
a Сомнение
1 036
t Уймитесь, волнения страсти...
464 Аналитический уровень _0
1 700 1
a Глинка
b М.
1 702 1
a Пушкин
b А.
4 520
1 2001
a Я помню чудное мгновенье...
1 036
t Я помню чудное мгновенье...
464 Аналитический уровень _0
1 700 1
a Кюи
b Ц.
1 702 1
a Фет
b А.
4 520
1 2001
a Осень
1 036
t Ласточки пропали, а вчера с зарей...
464 Аналитический уровень _0
1 700 1
a Чайковский
b П.
1 702 1
a Суриков
b И.
4 520
1 2001
a Я ли в поле да не травушка была
e отрывок
1 036
t Я ли в поле да не травушка была...
464 Аналитический уровень _0
1 700 1
a Чайковский
b П.
1 702 1
a Толстой
b А.
4 520
1 2001
a Средь шумного бала
1 036
t Средь шумного бала...
464 Аналитический уровень _0
1 700 1
a Рубинштейн
b А.
1 702 1
a Лермонтов
b М.
4 520
1 2001
a Горные вершины
1 036
t Горные вершины спят во тьме ночной...
464 Аналитический уровень _0
1 700 1
a Римский-Корсаков
b Н.
1 702 1
a Кольцов
b А.
4 520
1 2001
a Пленившись розой, соловей...
1 036
t Пленившись розой, соловей...
464 Аналитический уровень _0
1 700 1
a Гречанинов
b А.
1 702 1
a Allegro
4 520
1 2001
a Подснежник
1 036
t В лесу, где березки столпились гурьбой...
464 Аналитический уровень _0
1 700 1
a Шереметьев
b Б.
1 702 1
a Пушкин
b А.
4 520
1 2001
a Я вас любил...
1 036
t Я вас любил, любовь еще быть может...
464 Аналитический уровень _0
1 700 1
a Титов
b Н.
1 702 1
a Лермонтов
b М.
4 520
1 2001
a Нет, не тебя так пылко я люблю
1 036
t Нет, не тебя так пылко я люблю...
464 Аналитический уровень _0
1 700 1
a Варламов
b А.
1 702 1
a Слова неизвестного автора
4 520
1 2001
a Напоминание
1 036
t Ты помнишь ли тот взгляд красноречивый...
464 Аналитический уровень _0
1 700 1
a Варламов
b А.
1 702 1
a Фет
b А.
4 520
1 2001
a На заре ты ее не буди
1 036
t На заре ты ее не буди!..
464 Аналитический уровень _0
1 700 1
a Булахов
b П.
1 702 1
a Толстой
b А.
4 520
1 2001
a Колокольчики мои, цветики степные
1 036
t Колокольчики мои, цветики степные!..
464 Аналитический уровень _0
1 700 1
a Булахов
b П.
1 702 1
a Слова неизвестного автора
4 520
1 2001
a И нет в мире очей...
1 036
t И нет в мире очей и черней и милей...
464 Аналитический уровень _0
1 700 1
a Булахов
b П.
1 702 1
a Зименко
4 520
1 2001
a Нет, не люблю я вас
1 036
t Нет, не люблю я вас...
464 Аналитический уровень _0
1 700 1
a Борисов
b В.
1 702 1
a Дитерихс
b Е.
4 520
1 2001
a Звезды на небе
1 036
t Снился мне сад...
464 Аналитический уровень _0
1 700 1
a Кос-Анатольский
b А.
1 2001
a Соловьиный романс
464 Аналитический уровень _0
1 700 1
a Майборода
b Б.
1 2001
a Тополиная баркарола
464 Аналитический уровень _0
1 700 1
a Музыка неизвестного автора
1 702 1
a Тютчев
b Ф.
4 520
1 2001
a Я встретил вас
1 036
t Я встретил вас - и все былое...
512 Заглавие обложки 1_
a Заглавие обложки Популярные романсы
606 Тематические рубрики 0_
a Основная рубрика Фортепианная музыка
x Основная подрубрика Романсы русских композиторов
x Основная подрубрика Переложения
610 Ключевые слова 0_
a Ключевые слова фортепиано; переложения; романсы русских композиторов
686 Индексы других классификаций __
a Классификационный индекс 85.954.2-052я43
801 Источник записи _0
a Страна RU
b Организация Ульяновская ОНБ
c Дата составления 20220616
g Правила каталогизации RCR
801 Источник записи _1
a Страна RU
b Организация Ульяновская ОНБ
c Дата составления 20220616
g Правила каталогизации RCR
901 Тип документа __
t Тип документа n
w Контрольный № источника UONB/NOTY/5ec5485198b4491bbabd5f876096651b
909 Создатель записи __
a Создатель записи Грязнова И. Е.